Natura croatica periodicum Musei Historiae Naturalis Croatici = časopis Hrvatskoga prirodoslovnog muzeja.
| Corporate Author: | |
|---|---|
| Format: | Electronic Journal |
| Language: | English German French Croatian |
| Published: |
Zagreb :
Croatian Natural History Museum
|
| Subjects: | |
| Online Access: | Full text available from Research Library: 06/01/1998 to present |
MARC
| LEADER | 00000nas a2200000 i 4500 | ||
|---|---|---|---|
| 001 | ssj0000650243 | ||
| 003 | WaSeSS | ||
| 005 | 20200512172242.0 | ||
| 006 | m d | ||
| 007 | cr n | ||
| 008 | 090826c19929999ci fr p s 0 0eng c | ||
| 010 | |a 2019238137 | ||
| 022 | |a 1848-7386 |l 1330-0520 |y 1330-0520 | ||
| 035 | |a (WaSeSS)ssj0000650243 | ||
| 040 | |a OCLCS |b eng |e pn |c OCLCS |d OCLCQ |d OCLCE |d OCLCA |d OCLCQ |d OCLCO |d OCLCQ |d OCLCA |d OCLCF |d OCLCO |d OCLCQ |d UX1 |d UAB |d OCLCQ |d WY@ |d U3W |d OCLCQ |d UOK |d OCLCA |d WYU |d IUL |d WaSeSS | ||
| 041 | 0 | |a eng |a ger |a fre |a hrv | |
| 042 | |a pcc | ||
| 043 | |a e-ci--- | ||
| 050 | 4 | |a QH178.C73 |b N37 | |
| 070 | 0 | |a QH178.C73 |b N37 | |
| 082 | 0 | 4 | |a 508.4972 |2 20 |
| 210 | 0 | |a Nat. Croat. |b (Online) | |
| 222 | 0 | |a Natura Croatica |b (Online) | |
| 245 | 0 | 0 | |a Natura croatica |h [electronic resource] : |b periodicum Musei Historiae Naturalis Croatici = časopis Hrvatskoga prirodoslovnog muzeja. |
| 246 | 1 | 3 | |a NC |
| 260 | |a Zagreb : |b Croatian Natural History Museum | ||
| 310 | |a Semiannual | ||
| 362 | 1 | |a Print began in 1992. | |
| 506 | |a License restrictions may limit access. | ||
| 546 | |a In English, French, German, and Croatian. | ||
| 588 | |a Description based on: Vol. 7, No. 2 (1998); title from journal info page (publisher's website, viewed February 22, 2019). | ||
| 588 | |a Latest issue consulted: Vol. 27, No. 2 (2018). | ||
| 650 | 0 | |a Natural history |z Croatia |v Periodicals. | |
| 650 | 0 | |a Natural history |v Periodicals. | |
| 650 | 7 | |a Natural history. |2 fast |0 (OCoLC)fst01034268 | |
| 651 | 7 | |a Croatia. |2 fast |0 (OCoLC)fst01212674 | |
| 655 | 0 | |a Electronic journals. | |
| 710 | 2 | |a Hrvatski prirodoslovni muzej. | |
| 776 | 1 | |t Natura croatica |x 1330-0520 |w (DLC) 96646627 |w (OCoLC)28837675 | |
| 856 | 4 | 0 | |z Full text available from Research Library: 06/01/1998 to present |u https://search.proquest.com/publication/436325 |